000 00927nam0a22002291 4500
001 rc\2763579
005 20260407143757.0
035 _a(NLR Aleph) 006890114
090 _a7137745
_c7137745
100 _a20110915d1940 |||y0rusy50 ca
101 0 _arus
102 _aRU
105 _aa b |||||
200 1 _aКаталог запасных частей конного культиватора "КК-8", ручного полольника "ПР-17, 5", конного окучника "ОР"
_eПроизводство гос. заводов с.-х. машиностроения СССР
210 _aМосква
_cТехноэкспорт
_d[1940]
215 _a9 с.
_cил., табл.
_d21 см.
710 0 2 _a"Техноэкспорт", всесоюзное об-ние
_3RU\NLR\AUTH\8810016356
_9530560
801 0 _aRU
_bNLR
_gpsbo
801 1 _aRU
_bELAR
_2rusmarc
852 _aNLR
_j40-10/3943
942 _cBOOK
980 _aNB